Statistics for UK Number Ones in 2020

Click here to take the quiz!

General Stats

  • This quiz has been taken 26 times
    (20 since last reset)
  • The average score is 11 of 20

Answer Stats

Artist/sSingle% Correct
Mariah CareyAll I Want For Christmas Is You
90%
Cardi B feat. Megan Thee StallionWAP
85%
The WeekndBlinding Lights
80%
Lady Gaga feat. Ariana GrandeRain on Me
75%
DaBaby feat. Roddy RicchRockstar
65%
Lewis CapaldiBefore You Go
60%
Joel Corry feat. MNEKHead & Heart
60%
Ariana GrandePositions
60%
Jawsh 65 feat. Jason DeruloSavage Love (Laxed - Siren Beat)
60%
24kGoldn feat. Iann DiorMood
55%
Saint JhnRoses (Imanbek remix)
55%
Billie EilishNo Time To Die
50%
Stormzy feat. Ed Sheeran and Burna BoyOwn It
50%
DrakeToosie Slide
50%
LadBabyDon't Stop Me Eatin'
45%
Eminem feat. Juice WRLDGodzilla
45%
Internet Money feat. Gunna, Don Toliver and NavLemonade
45%
Michael Ball, Captain Tom Moore and the NHS Voices of Care ChoirYou'll Never Walk Alone
40%
Ellie GouldingRiver
35%
Live Lounge AllstarsTimes Like These
35%

Score Distribution

Percentile by Number Answered

Percent of People with Each Score

Your Score History

You have not taken this quiz since the last reset